| 000 | 03969nam a22003137i 4500 | ||
|---|---|---|---|
| 001 | TCPA 95 | ||
| 003 | gtcocun | ||
| 005 | 20250816223217.0 | ||
| 006 | a||||gr|||| 00| 0 | ||
| 008 | 250816b2021 gt ||||| m||| 00| 0 eng d | ||
| 040 |
_agtcocun _bSPA _cgtcocun _eRDA |
||
| 041 | _aSPA | ||
| 084 | _0TCPA 95 | ||
| 100 |
_aPacay Caal, Enzo Renatto _eAutor |
||
| 245 |
_aInforme final del Ejercicio Profesional Supervisado, realizado en Empresa Ferretería Salvaje, S.A. Guatemala, Guatemala _cEnzo Renatto Pacay Caal _hImpreso |
||
| 264 |
_aCobán, Alta Verapaz: _bUniversidad de San Carlos de Guatemala, Centro Universitario del Norte, Licenciatura en Contaduría Pública y Auditoría. _c2021 |
||
| 300 |
_a57 p: _bIlustraciones, gráficas. _c28 cm; PDF |
||
| 336 |
_2rdacontenido _aTexto _btxt |
||
| 337 |
_2rdamedio _aComputadora _bn |
||
| 338 |
_2rdasoporte _aCódigo en línea _bcr |
||
| 502 | _e. | ||
| 502 |
_aTesis de grado _bLicenciatura en Contaduría Pública y Auditoría. _cUniversidad de San Carlos de Guatemala, Centro Universitario del Norte, Licenciatura en Contaduría Pública y Auditoría. _d2021 _oTCPA 95 |
||
| 520 | 1 | 4 | _aLa Carrera de Ciencias Económicas promueve en el Centro Universitario del Norte (CUNOR) la licenciatura de Contaduría Pública y Auditoria, dicha carrera forma personas con ética profesional, valores culturales, morales y cívicos para el desenvolvimiento profesional, a través de la realización del Ejercicio Profesional Supervisado que consta en tres partes fundamentales, dando inicio con la fase del diagnóstico, planificación y ejecución. El Ejercicio Profesional Supervisado (EPS), se llevó a cabo en la Unidad de Práctica Ferretería Salvaje, S.A. Durante la fase del diagnóstico se efectuó un análisis de las debilidades internas de la unidad de práctica, para lograr identificar y jerarquizar las situaciones más relevantes que afectan y en un futuro puedan ocasionar algún perjuicio a la empresa. La etapa de planificación fue realizada con el fin de plantear objetivos y acciones claras que coadyuvan a la solución de las problemáticas detectadas. De lo anterior se procedió a realizar la fase de ejecución, aplicando papeles de trabajo a través de los procedimientos establecidos. Posteriormente se practicó una auditoria especial al rubro de cuentas por cobrar y depósitos pendientes de liquidar cuya finalidad fue verificar que los derechos de cobro se encuentran adecuadamente presentados en los estados financieros, de acuerdo con su grado de realización y su naturaleza. Debido a la existencia de errores e irregularidades en el manejo y optimización de la carga tributaria de los impuestos afectos correspondientes, se procedió a realizar una evaluación en relación a los aspectos tributarios, para minimizar los riesgos de inconsistencias. Así mismo se realizó una toma física de propiedad planta y equipo efectuando y registrando el conteo real con base a los saldos presentados en los estados financieros, para mantener actualizada la contabilidad de la empresa sin acumular errores en el sistema. Mediante la etapa de informe se transmite los resultados finales obtenidos de las intervenciones realizadas durante el Ejercicio Profesional Supervisado (EPS), en donde se resume el fortalecimiento al área de contabilidad, financiera y control interno, incrementando del grado de confianza de los usuarios en la información de los registros en cuanto a la razonabilidad de cifras y disminución de riesgo de sanciones por parte de los entes supervisores. |
| 650 | 1 | 4 |
_2LEMB _aCobán, Alta Verapaz _xanalizar _xconceptualizar _xdescribir _xcontextualizar _xdesarrollar _xrealizar |
| 700 |
_aLic. José Alfonso Barrios Figueroa _eAsesor |
||
| 856 |
_uhttps://drive.google.com/file/d/1OvcaKGn1c2zurFu1slxFIOSmSou_4y5H/view?usp=sharing _yPDF _zUn ejemplar en línea. |
||
| 942 |
_2ddc _cTES _iTCPA_95 _kClasificación _n0 _6TCPA__95 |
||
| 999 |
_c1144 _d1144 |
||